La economía del subdesarrollo /

Detalles Bibliográficos
Otros Autores: Agarwala, A. N., Singh, S. P.
Formato: Libro
Publicado: Madrid : Tecnos, 1973.
Materias:
Etiquetas: Agregar Etiqueta
Sin Etiquetas, Sea el primero en etiquetar este registro!

MARC

LEADER 00000nam a22000004a 4500
001 AR-BbUGT1704
003 AR-BbUGT
005 20181220001556.0
007 ta
008 061101t1973 ||| |0|||0| d
020 |a 84-309-0441-7 
040 |a AR-BbUGT  |b spa  |c AR-BbUGT 
082 0 4 |a 338.1724 
245 0 3 |a La economía del subdesarrollo /   |c selección y dirección por A. N. Agarvala y S. P. Singh. 
260 |a Madrid :   |b Tecnos,   |c 1973. 
300 |a 412 p. ;   |c 24 cm. 
653 |a Economía 
653 |a Subdesarrollo 
700 1 |a Agarwala, A. N. 
700 1 |a Singh, S. P. 
942 |c BK  |h 338.1724  |i AG15  |m D  |2 ddc  |6 338_172400000000000_AG15 
999 |c 9449  |d 9449